|
|
|
|
| LEADER |
00831cam a2200217 7i4500 |
| 001 |
0000042615 |
| 005 |
20170218090000.0 |
| 020 |
|
|
|a 9780071327039 (pbk.)
|
| 020 |
|
|
|a 0071327037 (pbk.)
|
| 090 |
0 |
0 |
|a HC412
|b .W57 2012
|
| 245 |
0 |
0 |
|a Winning corporate reputation strategies :
|b lessons from Asia Pacific
|c ediyed by Mark Chong and Jin Montesano.
|
| 260 |
|
|
|a Singapore:
|b McGraw-Hill Professional,
|c 2012.
|
| 300 |
|
|
|a xx, 178 p.:
|b ill.;
|c 23 cm.
|
| 650 |
0 |
0 |
|a Economic forecasting --
|z Asia
|
| 650 |
0 |
0 |
|a Business forecasting
|
| 651 |
|
0 |
|a Asia --
|x Economic conditions --
|y 1945-
|
| 700 |
1 |
|
|a Chong, Mark
|
| 700 |
1 |
|
|a Montesano, Jin
|
| 997 |
|
|
|a Business & Accountancy, Faculty
|
| 997 |
|
|
|a Communication, Visual Art & Computing, Faculty
|b Communication, Department
|
| 999 |
|
|
|a 0000052219
|b BOK
|c OPEN SHELF
|e 1st Floor, Shah Alam
|